000
00348nam a2200133Ia 4500
008
151001s9999||||xx |||||||||||||| ||und||
100
_a
वसंत माधव
245
_a
मातीच्या घागरी
250
_a
1
260
_b
रंगश्रेयाली
260
_c
2002
300
_a
91
365
_b
21
999
_c
981212
_d
981209